Dublin, Ireland - Statistics

General Stats
  • This quiz has been taken 259 times
  • The average score is 9 of 15
Answer Stats
Hint Answer % Correct
Name of the river running through Dublin Liffey
90%
Name of the college in the middle of the city Trinity College
88%
Name of stadium where Gaelic Football is played Croke Park
82%
Who lives in Aras an Uachtarain? President
82%
Name of the stadium where football (soccer) is played Aviva
76%
Name of Irish Parliment Dail
74%
Main shopping street on the Southside Grafton Street
69%
Canal which runs through the Southside Grand Canal
51%
Main shopping street on the Northside Henry Street
51%
Historical name given to Dublin and it's surroundings The Pale
51%
Canal which runs through the Northside Royal Canal
50%
Name of Irish Senate Seanad
50%
Where is the above located? Pheonix Park
19%
Year Dublin was founded 988
16%
Annual International conference based in Dublin Web Summit
10%
No matching quizzes found
Score Distribution
Percent of People with Each Score
Percentile by Number Answered
Your Score History
You have not taken this quiz